Score 0/54 Timer 05:00
0 Plays Today
Hint 4-Letter Word % Correct
Addition, subtraction, e.g.MATH
96.1%
⟡ Speed competition ⟡RACE
94.3%
Monthly housing feeRENT
93.9%
Win in chessMATE
93.6%
Stand or sit for photoPOSE
93.4%
Attacker repellentMACE
91.1%
Misplace itemLOSE
90.5%
Loudly shut a doorSLAM
90.5%
CrookedBENT
90.2%
J. J. Abrams TV seriesLOST
90.2%
SolitaryLONE
90.2%
Submit blog entryPOST
88.8%
⟡ To sport clothing ⟡WEAR
88.3%
NuisancePEST
86.7%
Flog repeatedlyBEAT
86.5%
⟡ Trodden way ⟡PATH
85.8%
⟡ Silent part in music notation ⟡REST
85.2%
Ursine mammalBEAR
85%
⟡ Apartment in UK ⟡FLAT
84.5%
⟡ Formal dance event ⟡BALL
83.7%
Bound hayBALE
83.3%
⟡ Land mound ⟡HILL
83%
Aquatic mammal of circusesSEAL
82.6%
HadesHELL
82.6%
⟡ Of great distance ⟡LONG
82.1%
⟡ Without clothing ⟡BARE
81.7%
Exchange item for moneySELL
81.4%
Hint 4-Letter Word % Correct
Draft of proposed law BILL
81.2%
Plant stalkSTEM
80%
Tempo, paceRATE
78.9%
Dull, uninteresting personBORE
78.4%
Early Atari gamePONG
77.4%
Unleavened cornbreadPONE
77.4%
⟡ Staircase tread ⟡STEP
76.6%
AccomplishmentFEAT
75.9%
ProboscisNOSE
75.8%
⟡ Memorandum ⟡NOTE
75.8%
Ornamental drum strokeFLAM
75.6%
Leak through slowlySEEP
75.1%
Underground water supplyWELL
73%
NBA's Archibald or ThurmondNATE
72.9%
Decorative pillow coverSHAM
72.2%
Fortune tellerSEER
72.1%
Char surfaceSEAR
72.1%
Stronghold, army postFORT
70.8%
Tined implementFORK
68.5%
Red, swollen mark on skinWEAL
68.1%
Decorative border a garment WELT
66.6%
Noah's first sonSHEM
65.5%
Pressed wool clothFELT
65.1%
⟡ Activity involving effort ⟡WORK
61.6%
Tattered and shabbyWORN
58.6%
German-British physicist MaxBORN
56.7%
⟡⟡ COMMON BOND ⟡⟡FOOT
34.7%

Today's Daily Dose

Missing Word
I Hardly Know Her!

Word Ladder
Sentence Ending

Quick Pick
Female Firsts

Get the Picture
Triathlon Sports

Remove Ads.
Support Sporcle.
Get the best of Sporcle when you Go Orange. This ad-free experience offers more features, more stats, and more fun while also helping to support Sporcle. Thank you for becoming a member.

You're not logged in!

Compare scores with friends on all Sporcle quizzes.
OR
Log In

Show Comments

Extras

Top Quizzes Today


Score Distribution

Your Account Isn't Verified!

In order to create a playlist on Sporcle, you need to verify the email address you used during registration. Go to your Sporcle Settings to finish the process.

Report this User

Report this user for behavior that violates our Community Guidelines.

Details: